| 000 | 01249nam a22002651i 4500 | ||
|---|---|---|---|
| 001 | 1921 | ||
| 003 | Uk | ||
| 005 | 20231010144058.0 | ||
| 020 |
_a9781407139531 (pbk.) : _c£4.99 |
||
| 040 |
_aStDuBDS _beng _cStDuBDS _dUk _erda |
||
| 050 | _aPZ7 | ||
| 082 | 0 | 4 |
_a823.92 _223 |
| 100 | 1 |
_aCollins, Poppy, _eauthor. |
|
| 245 | 1 | 0 |
_aRosa in Sparkle City / _cPoppy Collins. |
| 260 |
_aLondon : _bScholastic, _c2014 |
||
| 300 |
_a 83 pages, 5 unnumbered pages of plates : _billustrations ; _c20 cm |
||
| 490 | 0 | _aFashion fairy princess | |
| 500 |
_aFormerly CIP. _5Uk |
||
| 505 | _aQ | ||
| 520 | _aThe fashion fairy princesses are organizing a fairy fashion show! Everything has to be PERFECT and the fairies have fun shopping in Sparkle City to find the best outfits. Drawing on their expert fashion knowledge, they know they are going to pull off the most impressive catwalk extravaganza. The final piece is an amazing silk dress, encrusted with jewels from Jewel Forest. But moments before the show, they discover the stunning dress is ruined! Rosa must use her practical skills - and just a tiny bit of fairy magic - to save the day. | ||
| 521 |
_a870
_bLexile |
||
| 521 |
_aQ
_bRaz-Plus |
||
| 655 | 0 | _aChildren's stories. | |
| 942 |
_2ddc _cBK _n0 |
||
| 999 |
_c1921 _d1921 |
||